[Event "European Youth Chess Championship B10"]
[Site "Prague, Top Hotel Prague"]
[Date "2016.08.21"]
[Round "4.69"]
[White "Springis, Jevgenijs"]
[Black "Kien, Lancelot"]
[Result "1-0"]
[WhiteElo "1261"]
[BlackElo "1107"]
[PlyCount "55"]
[EventDate "2016.08.18"]

1. d4 d5 2. c4 dxc4 3. e3 Nc6 4. Bxc4 e6 5. Nc3 Nf6 6. Nf3 Bb4 7. Bd2 O-O 8. a3
Bd6 9. e4 Re8 10. e5 Be7 11. exf6 Bxf6 12. Be3 Re7 13. b4 Rd7 14. Ne2 a6 15.
Rc1 Rd6 16. Qd2 b5 17. Bb3 Bb7 18. Rd1 Nxd4 19. Nexd4 e5 20. Qb2 exd4 21. Bxd4
Rc8 22. Bxf6 Qxf6 23. Qxf6 Rxf6 24. Rd3 Re8+ 25. Kd2 Ra8 26. Rd7 g6 27. Re7 Be4
28. Rxe4 1-0

[Event "European Youth Chess Championship B10"]
[Site "Prague, Top Hotel Prague"]
[Date "2016.08.21"]
[Round "4.71"]
[White "Shelukhin, Ivan"]
[Black "Tajovsky, Simon"]
[Result "1-0"]
[WhiteElo "1158"]
[BlackElo "1106"]
[PlyCount "63"]
[EventDate "2016.08.18"]

1. e4 c5 2. Nf3 Nc6 3. d4 cxd4 4. Nxd4 g6 5. Nc3 Bg7 6. Be3 Nf6 7. Bc4 O-O 8.
Bb3 Qa5 9. O-O d6 10. h3 Bd7 11. Re1 Rac8 12. Nd5 Rfe8 13. Nxf6+ Bxf6 14. c3
Bg7 15. Nxc6 Bxc6 16. Bd4 Red8 17. Qf3 e6 18. Qe3 b6 19. Bxg7 Kxg7 20. Rad1 Ba4
21. Qd4+ Kg8 22. Qxa4 Qh5 23. Qxa7 Rc5 24. Qxb6 Rf8 25. Rxd6 Rg5 26. Qe3 h6 27.
Rd4 e5 28. Rd5 Kh7 29. Kh2 f5 30. Rd7+ Kh8 31. Qa7 f4 32. Rh7# 1-0

[Event "European Youth Chess Championship B10"]
[Site "Prague, Top Hotel Prague"]
[Date "2016.08.22"]
[Round "5.1"]
[White "Razafindratsima, Timothe"]
[Black "Vasilyev, Alexey"]
[Result "0-1"]
[WhiteElo "1938"]
[BlackElo "1838"]
[PlyCount "110"]
[EventDate "2016.08.18"]

1. e4 c5 2. Ne2 e6 3. Nbc3 a6 4. g3 Nc6 5. Bg2 g6 6. d4 cxd4 7. Nxd4 Bg7 8. Be3
Nge7 9. O-O O-O 10. Qd2 Qc7 11. f4 f5 12. e5 Nxd4 13. Bxd4 d6 14. Rfe1 d5 15.
Kh1 Nc6 16. Bc5 Re8 17. Bd6 Qf7 18. Na4 Bf8 19. Nb6 Bxd6 20. exd6 Rb8 21. c4 d4
22. Bxc6 bxc6 23. Qxd4 c5 24. Qxc5 Qb7+ 25. Nd5 Bd7 26. Qc7 exd5 27. Rxe8+ Bxe8
28. Re1 Bc6 29. Re7 dxc4+ 30. Kg1 Qxc7 31. Rxc7 Be8 32. d7 Bxd7 33. Rxd7 Rxb2
34. Rc7 Rc2 35. Rc6 a5 36. Rc5 a4 37. a3 c3 38. h3 Rc1+ 39. Kg2 c2 40. Kf2 Rh1
41. Rxc2 Rh2+ 42. Ke3 Rxc2 43. Kd4 Ra2 44. g4 Rxa3 45. gxf5 gxf5 46. Ke5 Rxh3
47. Kxf5 a3 48. Ke6 a2 49. f5 a1=Q 50. f6 Re3+ 51. Kf5 Qf1+ 52. Kg4 Qf3+ 53.
Kh4 Re4+ 54. Kg5 Qg4+ 55. Kh6 Qg6# 0-1

[Event "European Youth Chess Championship B10"]
[Site "Prague, Top Hotel Prague"]
[Date "2016.08.22"]
[Round "5.2"]
[White "Siniauski, Artsiom"]
[Black "Tyurin, Artem"]
[Result "1-0"]
[WhiteElo "1840"]
[BlackElo "1766"]
[PlyCount "125"]
[EventDate "2016.08.18"]

1. e4 c5 2. Nf3 d6 3. c3 Nf6 4. Be2 Bd7 5. d3 Nc6 6. O-O e5 7. Re1 g6 8. Bf1
Bg7 9. Bg5 O-O 10. d4 Qc7 11. d5 Nd8 12. Qd2 b5 13. Na3 Rb8 14. Nc2 a5 15. Bh6
Nb7 16. Nh4 c4 17. Qg5 Nc5 18. f3 Ne8 19. Bxg7 Nxg7 20. Ne3 Nb7 21. Ng4 Bxg4
22. fxg4 f6 23. Qh6 Nd8 24. Qe3 Nf7 25. Be2 Ng5 26. Nf3 Nxf3+ 27. gxf3 Kh8 28.
Kh1 Qf7 29. Rg1 f5 30. gxf5 gxf5 31. Qh6 Qe7 32. Rg3 Qf6 33. Qxf6 Rxf6 34. Rag1
Nh5 35. Rg5 Nf4 36. Bf1 fxe4 37. fxe4 Rbf8 38. R1g3 Nxd5 39. Bxc4 bxc4 40. exd5
R6f7 41. R5g4 Rb7 42. Rxc4 Rxb2 43. Rc6 Rxa2 44. Rxd6 a4 45. Ra6 a3 46. d6 Ra1+
47. Rg1 Rxg1+ 48. Kxg1 Rd8 49. c4 a2 50. c5 Kg7 51. Rxa2 Kf7 52. Ra7+ Ke6 53.
Rxh7 Kd5 54. Rc7 Ke4 55. d7 Kf3 56. Ra7 e4 57. c6 e3 58. Ra3 Rg8+ 59. Kf1 Rb8
60. Rxe3+ Kxe3 61. c7 Rf8+ 62. Ke1 Rg8 63. Kd1 1-0

[Event "European Youth Chess Championship B10"]
[Site "Prague, Top Hotel Prague"]
[Date "2016.08.22"]
[Round "5.3"]
[White "Murzin, Volodar"]
[Black "Mitusov, Semen"]
[Result "1-0"]
[WhiteElo "2080"]
[BlackElo "1783"]
[PlyCount "61"]
[EventDate "2016.08.18"]

1. Nf3 Nf6 2. g3 d5 3. Bg2 Bg4 4. c4 e6 5. cxd5 exd5 6. Qb3 Qc8 7. Ne5 Be6 8.
O-O Bd6 9. d4 c6 10. Nc3 Nbd7 11. f4 g6 12. Be3 Rb8 13. Rac1 Qd8 14. Qd1 Nh5
15. Bf2 f5 16. Qa4 a6 17. b4 Nhf6 18. Qb3 Qe7 19. Rb1 O-O 20. a4 Bxe5 21. dxe5
Ne4 22. Nxe4 dxe4 23. Qc3 Rfc8 24. Bc5 Nxc5 25. bxc5 Rd8 26. Rfd1 Rd7 27. Rd6
Qf7 28. Bf1 Bd5 29. a5 Re8 30. e3 Kg7 31. e6+ 1-0

[Event "European Youth Chess Championship B10"]
[Site "Prague, Top Hotel Prague"]
[Date "2016.08.22"]
[Round "5.4"]
[White "Hak, David"]
[Black "Davtyan, Arsen"]
[Result "0-1"]
[WhiteElo "1747"]
[BlackElo "1752"]
[PlyCount "144"]
[EventDate "2016.08.18"]

1. e4 c5 2. Nf3 e6 3. d4 cxd4 4. Nxd4 Nc6 5. Nb5 d6 6. c4 a6 7. N5a3 Nf6 8. Nc3
Be7 9. Be2 O-O 10. Nc2 b6 11. O-O Bb7 12. f4 Rc8 13. Qe1 Qc7 14. Qg3 Rfd8 15.
Be3 d5 16. cxd5 exd5 17. e5 Ne4 18. Nxe4 dxe4 19. Qf2 Bc5 20. Bxc5 bxc5 21. Bg4
Rb8 22. Qxc5 Qe7 23. Qxe7 Nxe7 24. Rad1 Bd5 25. b3 a5 26. Ne3 a4 27. Nxd5 Nxd5
28. Rfe1 a3 29. Rxe4 Nc3 30. Rxd8+ Rxd8 31. Rc4 Nxa2 32. Bf5 g6 33. Be4 Rb8 34.
Rc2 Nb4 35. Rc1 Rd8 36. Kf2 Rd2+ 37. Ke3 Rb2 38. Kd4 Rxb3 39. Kc4 Rb2 40. Ra1
Nc2 41. Bxc2 Rxc2+ 42. Kd4 Rxg2 43. Rxa3 Rxh2 44. Ke4 Re2+ 45. Kf3 Rb2 46. Kg4
Rb4 47. Kg5 Kg7 48. Ra7 Rb6 49. Kg4 h5+ 50. Kg5 Rb1 51. e6 Rg1+ 52. Kh4 Rg4+
53. Kh3 Rxf4 54. Kg3 Rf6 55. exf7 Rxf7 56. Ra5 Kh6 57. Ra6 Kg5 58. Ra5+ Rf5 59.
Ra4 Rb5 60. Ra3 h4+ 61. Kh3 Kh5 62. Ra8 Rb3+ 63. Kg2 g5 64. Ra5 h3+ 65. Kh2 Kh4
66. Ra8 Rb2+ 67. Kg1 g4 68. Ra7 Rb1+ 69. Kf2 g3+ 70. Kf3 Rf1+ 71. Ke3 g2 72.
Rh7+ Kg3 0-1

[Event "European Youth Chess Championship B10"]
[Site "Prague, Top Hotel Prague"]
[Date "2016.08.22"]
[Round "5.5"]
[White "Piliposyan, Robert"]
[Black "Makoveev, Ilya"]
[Result "1/2-1/2"]
[WhiteElo "1701"]
[BlackElo "2186"]
[PlyCount "82"]
[EventDate "2016.08.18"]

1. e4 c5 2. Ne2 e6 3. g3 Nc6 4. Bg2 Nf6 5. O-O Be7 6. c3 O-O 7. d4 cxd4 8. cxd4
d5 9. exd5 Nxd5 10. Nbc3 Nxc3 11. bxc3 Qa5 12. Qb3 Qa6 13. Re1 Na5 14. Qc2 Bd7
15. Nf4 Bd6 16. Rb1 Rac8 17. Nh5 Bc6 18. d5 Bxd5 19. Bxd5 exd5 20. Bh6 Be5 21.
Rxe5 Qxh6 22. Rxd5 Nc4 23. Qe2 Rfe8 24. Qg4 Qg6 25. Qxg6 hxg6 26. Nf4 Re7 27.
Rd4 Ne5 28. Kg2 Nc6 29. Rd6 Na5 30. Nd5 Re2 31. Rd7 Kf8 32. Nb4 Re7 33. Rd5 b6
34. Rbd1 Rxc3 35. Rd8+ Re8 36. R8d7 Rc4 37. a3 Re7 38. Rd8+ Re8 39. R8d7 Re7
40. Rd8+ Re8 41. R8d7 Re7 1/2-1/2

[Event "European Youth Chess Championship B10"]
[Site "Prague, Top Hotel Prague"]
[Date "2016.08.22"]
[Round "5.6"]
[White "Kostolansky, Sebastian Lukas"]
[Black "Fiszer, Bartosz"]
[Result "1-0"]
[WhiteElo "2015"]
[BlackElo "1690"]
[PlyCount "81"]
[EventDate "2016.08.18"]

1. e4 c5 2. Nf3 g6 3. d4 cxd4 4. Nxd4 Nc6 5. Nc3 Bg7 6. Be3 Nf6 7. Be2 O-O 8.
O-O d5 9. Nxc6 bxc6 10. e5 Ne8 11. f4 f6 12. Bd4 Nc7 13. exf6 exf6 14. Qd2 Ne6
15. Bf2 f5 16. Rad1 Qf6 17. Rfe1 Rb8 18. Na4 Qe7 19. b3 Bh6 20. Bd3 Qg7 21. Be3
d4 22. Bc4 dxe3 23. Qd6 Rb7 24. Bxe6+ Bxe6 25. Qxe6+ Kh8 26. Qxe3 Rd7 27. Nc5
Rxd1 28. Rxd1 Qb2 29. Nd7 Qxc2 30. Rc1 Qxa2 31. Nxf8 Bxf8 32. Rxc6 Qa1+ 33. Rc1
Qa6 34. Kh1 Kg8 35. Qd4 Qb7 36. Qc4+ Kh8 37. Rd1 Qe7 38. h3 h6 39. Qc8 Kg8 40.
Qc6 Qf7 41. Rd7 1-0

[Event "European Youth Chess Championship B10"]
[Site "Prague, Top Hotel Prague"]
[Date "2016.08.22"]
[Round "5.7"]
[White "Ponomarev, Grigori"]
[Black "Wojdak, Jan"]
[Result "1-0"]
[WhiteElo "1978"]
[BlackElo "1681"]
[PlyCount "81"]
[EventDate "2016.08.18"]

1. e4 c5 2. Nf3 Nc6 3. Bb5 d6 4. O-O Bd7 5. Re1 Nf6 6. c3 a6 7. Bf1 Bg4 8. h3
Bxf3 9. Qxf3 g6 10. d3 Bg7 11. Be3 Rc8 12. Nd2 O-O 13. Rac1 b5 14. a3 Nd7 15.
Qd1 e5 16. b4 cxb4 17. axb4 Qe7 18. Qb3 Qe6 19. Be2 Qxb3 20. Nxb3 f5 21. Bf3 f4
22. Bd2 Nf6 23. c4 g5 24. c5 Rfd8 25. cxd6 Rxd6 26. d4 Rcd8 27. d5 Ne7 28. Nc5
Rb6 29. Bc3 Ng6 30. Ne6 Rc8 31. Nxg5 Ne8 32. Bg4 Rc4 33. Be6+ Kf8 34. d6 Nxd6
35. Bxc4 Nxc4 36. Nxh7+ Ke7 37. Ng5 Bf6 38. Nf3 Nf8 39. Nd2 Nd6 40. Nb3 Ne6 41.
Nc5 1-0

[Event "European Youth Chess Championship B10"]
[Site "Prague, Top Hotel Prague"]
[Date "2016.08.22"]
[Round "5.8"]
[White "Mizrahi, Ido"]
[Black "Palchuk, Andrii"]
[Result "1-0"]
[WhiteElo "1827"]
[BlackElo "1649"]
[PlyCount "117"]
[EventDate "2016.08.18"]

1. d4 d5 2. c4 e6 3. Nc3 Nf6 4. cxd5 exd5 5. Bg5 Be7 6. e3 O-O 7. Qc2 Re8 8.
Bd3 Nbd7 9. Nge2 c6 10. O-O Nf8 11. f3 Be6 12. Rad1 Rc8 13. e4 c5 14. Qb1 cxd4
15. Nxd4 Bc5 16. Bb5 dxe4 17. Bxe8 Bxd4+ 18. Kh1 Qxe8 19. Rxd4 exf3 20. Rxf3
N8d7 21. Re3 h6 22. Bh4 Qf8 23. Bxf6 Nxf6 24. Re5 Qe8 25. Qd1 Qc6 26. Rd8+ Rxd8
27. Qxd8+ Kh7 28. Qd3+ g6 29. Qf3 Qxf3 30. gxf3 Nd7 31. Re3 a6 32. Kg2 Kg7 33.
a3 Kf8 34. Ne2 Nf6 35. Nf4 Ke7 36. a4 Kd7 37. Nxe6 fxe6 38. Rb3 Kc6 39. a5 Nd5
40. Kg3 e5 41. Kf2 Kc7 42. Ke2 Ne7 43. Rc3+ Kd7 44. b4 Nc6 45. Rc4 Ke6 46. Ke3
Kd5 47. Kd3 Kd6 48. Kc3 Na7 49. Rg4 Nb5+ 50. Kc4 g5 51. h4 Ke6 52. hxg5 hxg5
53. Rxg5 Kd6 54. Rg6+ Ke7 55. Rg7+ Kf6 56. Rg4 Ke6 57. Kc5 Kd7 58. Re4 Ke6 59.
f4 1-0

[Event "European Youth Chess Championship B10"]
[Site "Prague, Top Hotel Prague"]
[Date "2016.08.22"]
[Round "5.9"]
[White "Aslanov, Umid"]
[Black "Yoon, Jacob D"]
[Result "0-1"]
[WhiteElo "1651"]
[BlackElo "1823"]
[PlyCount "118"]
[EventDate "2016.08.18"]

1. e4 c5 2. Nc3 g6 3. g3 Bg7 4. Bg2 Nc6 5. d3 Nf6 6. Be3 O-O 7. Bxc5 d6 8. Be3
Ng4 9. Qd2 Nxe3 10. Qxe3 Qa5 11. Nge2 Qb4 12. Rb1 Nd4 13. Nxd4 Bxd4 14. Qd2 e6
15. O-O Bd7 16. Rfd1 Qb6 17. Qf4 Rac8 18. Qd2 Kg7 19. Qe2 Qc7 20. Rdc1 b5 21.
Nd1 Kg8 22. c3 Bg7 23. Ne3 Qb6 24. d4 b4 25. Qd2 bxc3 26. bxc3 Qa5 27. Bf1 Bc6
28. Nc4 Qc7 29. d5 exd5 30. exd5 Bd7 31. Qf4 Bf5 32. Rb3 Rcd8 33. Ne3 Bc8 34.
Bb5 Bd7 35. Bxd7 Rxd7 36. Rcb1 Qc5 37. c4 Be5 38. Qg4 Rc7 39. Rb5 Qa3 40. Qe2
Bd4 41. Nc2 Qc3 42. Nxd4 Qxd4 43. Rc1 Rfc8 44. Rb4 Rc5 45. Rc2 Kg7 46. Ra4 R8c7
47. Kg2 h5 48. Rd2 Qc3 49. Ra6 Qf6 50. Ra4 Qg5 51. Rd4 Qf6 52. Rf4 Qc3 53. Qf3
Qe5 54. Re4 Qb2 55. Qf4 Qc2 56. Ra6 Rd7 57. Rxd6 Rxd6 58. Re7 Rf6 59. Rxf7+
Kxf7 0-1

[Event "European Youth Chess Championship B10"]
[Site "Prague, Top Hotel Prague"]
[Date "2016.08.22"]
[Round "5.10"]
[White "Dudarev, Vladislav"]
[Black "Pidluznij, Gleb"]
[Result "0-1"]
[WhiteElo "1821"]
[BlackElo "1617"]
[PlyCount "118"]
[EventDate "2016.08.18"]

1. Nf3 d5 2. c4 dxc4 3. e3 e6 4. Bxc4 a6 5. O-O Nf6 6. Nc3 Be7 7. d4 b5 8. Bd3
Bb7 9. Bd2 O-O 10. Rc1 c5 11. Ne2 c4 12. Bb1 Nbd7 13. Nf4 Bd6 14. Ne2 Ne4 15.
Nc3 Ndf6 16. Nxe4 Nxe4 17. Qc2 f5 18. Rcd1 Bd5 19. Ne1 Qc7 20. h3 g5 21. Qc1
Bh2+ 22. Kh1 Bg3 23. Bxe4 fxe4 24. Nc2 Bxf2 25. Bb4 Rf7 26. Qd2 Qg3 27. Qe2 a5
28. Bc5 Qh4 29. Rd2 Bg3 30. Rxf7 Kxf7 31. Rd1 Kg6 32. Qf1 g4 33. Rd2 c3 34.
bxc3 Bc4 35. Qd1 gxh3 36. Kg1 Bf2+ 37. Rxf2 h2+ 38. Kh1 Qxf2 39. Qg4+ Kf6 40.
Kxh2 Qf5 41. Qh4+ Kg6 42. g4 Qg5 43. Qg3 h5 44. gxh5+ Kxh5 45. Na3 Bd3 46. Qh3+
Qh4 47. Be7 Qxh3+ 48. Kxh3 Rg8 49. Kh2 Bf1 50. Kh1 Rg3 51. Nc2 Bd3 52. Bd6 Rf3
53. Na3 Rxe3 54. Kg2 Re2+ 55. Kg3 Kg5 56. Be7+ Kf5 57. c4 bxc4 58. Nb5 Rxa2 59.
Nd6+ Kg6 0-1

[Event "European Youth Chess Championship B10"]
[Site "Prague, Top Hotel Prague"]
[Date "2016.08.22"]
[Round "5.11"]
[White "Samadov, Read"]
[Black "Chyzy, Jakub"]
[Result "1/2-1/2"]
[WhiteElo "1611"]
[BlackElo "1775"]
[PlyCount "61"]
[EventDate "2016.08.18"]

1. e4 e5 2. Nf3 Nc6 3. Bb5 a6 4. Ba4 Nf6 5. d3 b5 6. Bb3 Be7 7. O-O d6 8. c3
O-O 9. Nbd2 Na5 10. Bc2 c5 11. Re1 Nc6 12. Nf1 h6 13. Ng3 Re8 14. h3 Bf8 15. d4
cxd4 16. cxd4 exd4 17. Nxd4 Nxd4 18. Qxd4 Be6 19. Bf4 Rc8 20. Bb3 d5 21. Rac1
dxe4 22. Qxd8 Rcxd8 23. Nxe4 Bxb3 24. Nxf6+ gxf6 25. axb3 Rxe1+ 26. Rxe1 Rd4
27. g3 Kg7 28. Kg2 Bd6 29. Bxd6 Rxd6 30. Kf3 Kg6 31. Re3 1/2-1/2

[Event "European Youth Chess Championship B10"]
[Site "Prague, Top Hotel Prague"]
[Date "2016.08.22"]
[Round "5.12"]
[White "Silich, Yahor"]
[Black "Piccinno, Matteo"]
[Result "1-0"]
[WhiteElo "1639"]
[BlackElo "1772"]
[PlyCount "75"]
[EventDate "2016.08.18"]

1. e4 e6 2. d3 d5 3. Nd2 Nf6 4. Ngf3 c5 5. g3 Nc6 6. Bg2 Bd6 7. O-O O-O 8. Qe2
Bc7 9. Re1 dxe4 10. dxe4 e5 11. c3 Qe7 12. Nc4 Be6 13. Bg5 Bxc4 14. Qxc4 b6 15.
Nh4 Na5 16. Qf1 h6 17. Nf5 Qe6 18. Bh3 Kh7 19. Nxh6 Qc6 20. Ng4 Nxg4 21. Bxg4
c4 22. Qh3+ Kg8 23. Rad1 Bd8 24. Rxd8 Raxd8 25. Bf5 g6 26. Qh4 f6 27. Bxg6 Rd7
28. Bh6 Rfd8 29. Bf5 Re7 30. Qg4+ Kh8 31. Qh5 Kg8 32. Qg6+ Kh8 33. g4 Nb7 34.
Bg5 Rd6 35. Re3 Rg7 36. Qh5+ Kg8 37. Bh6 Qc7 38. Qe8# 1-0

[Event "European Youth Chess Championship B10"]
[Site "Prague, Top Hotel Prague"]
[Date "2016.08.22"]
[Round "5.13"]
[White "Revaliente, Montoya Ciro"]
[Black "Pedmanson, Albert"]
[Result "1-0"]
[WhiteElo "1768"]
[BlackElo "1602"]
[PlyCount "117"]
[EventDate "2016.08.18"]

1. e4 e5 2. Nf3 Nc6 3. Nc3 Nf6 4. d4 exd4 5. Nxd4 Bb4 6. Nxc6 bxc6 7. Bd3 d5 8.
exd5 cxd5 9. Qe2+ Qe7 10. Qxe7+ Bxe7 11. Nb5 Bb4+ 12. c3 Ba5 13. Bf4 Kd7 14.
O-O-O c6 15. Nd6 Bc7 16. Bf5+ Ke7 17. Rhe1+ Be6 18. Bxe6 fxe6 19. Nf5+ Kd7 20.
Bxc7 exf5 21. Bf4 Rhe8 22. f3 Nh5 23. Be3 g6 24. g3 Ng7 25. c4 Kd6 26. Bf4+ Kc5
27. Be5 Ne6 28. cxd5 cxd5 29. Re2 d4 30. Rc2+ Kd5 31. f4 Rac8 32. b3 Rxc2+ 33.
Kxc2 Ke4 34. Re1+ Kf3 35. Kd3 Rd8 36. b4 a6 37. Rc1 g5 38. fxg5 Rd5 39. Re1 Kg4
40. Kc4 Rb5 41. a4 Rb7 42. Rd1 Nxg5 43. Rxd4+ Ne4 44. Kd5 Kg5 45. Kc6 Re7 46.
Bd6 Re8 47. b5 axb5 48. axb5 Kg4 49. b6 Kh3 50. b7 Nxd6 51. Rxd6 Kxh2 52. Rd3
Re6+ 53. Kc7 Re7+ 54. Kc8 Re8+ 55. Kc7 Re7+ 56. Kb6 Re6+ 57. Ka7 Re7 58. Ka8
Re8+ 59. b8=Q 1-0

[Event "European Youth Chess Championship B10"]
[Site "Prague, Top Hotel Prague"]
[Date "2016.08.22"]
[Round "5.14"]
[White "Spizharny, Mikhail"]
[Black "Pavlov, Mark"]
[Result "1/2-1/2"]
[WhiteElo "1754"]
[BlackElo "1538"]
[PlyCount "52"]
[EventDate "2016.08.18"]

1. e4 e6 2. d4 d5 3. Nc3 Nf6 4. Bg5 Bb4 5. e5 h6 6. Bd2 Bxc3 7. bxc3 Ne4 8. Qg4
g6 9. Bd3 Nxd2 10. Kxd2 c5 11. h4 Nc6 12. Rh3 cxd4 13. cxd4 Qb6 14. Nf3 Bd7 15.
Rhh1 O-O-O 16. Rab1 Qc7 17. Qf4 Rdf8 18. Qf6 Qd8 19. Qxd8+ Rxd8 20. c3 Kc7 21.
Rb2 b6 22. Rhb1 Na5 23. Ke3 Rc8 24. Ba6 Rb8 25. Bd3 Rbc8 26. Nd2 Kb7 1/2-1/2

[Event "European Youth Chess Championship B10"]
[Site "Prague, Top Hotel Prague"]
[Date "2016.08.22"]
[Round "5.15"]
[White "Kirushin, Ivan"]
[Black "Stalmach, Richard"]
[Result "0-1"]
[WhiteElo "1571"]
[BlackElo "1735"]
[PlyCount "58"]
[EventDate "2016.08.18"]

1. d4 d5 2. c4 e6 3. Nc3 c5 4. cxd5 exd5 5. Nf3 Nc6 6. e3 Nf6 7. Bd3 Be7 8. O-O
O-O 9. Ne5 Nxe5 10. dxe5 Ng4 11. Nxd5 Nxe5 12. Bxh7+ Kxh7 13. Qh5+ Kg8 14. Qxe5
Bd6 15. Qe4 Re8 16. Qf3 Qh4 17. g3 Bg4 18. Qg2 Qh5 19. f4 Rad8 20. Nc3 c4 21.
Qxb7 Bc5 22. Qg2 Rd3 23. Qf2 Rexe3 24. Bxe3 Bxe3 25. Ne4 Bxf2+ 26. Nxf2 Rd2 27.
Rfe1 Bh3 28. Re8+ Kh7 29. Re3 Qd5 0-1

[Event "European Youth Chess Championship B10"]
[Site "Prague, Top Hotel Prague"]
[Date "2016.08.22"]
[Round "5.16"]
[White "Rozen, Eytan"]
[Black "Kabadayi, Suleyman Arda"]
[Result "1-0"]
[WhiteElo "1702"]
[BlackElo "1487"]
[PlyCount "167"]
[EventDate "2016.08.18"]

1. e4 d6 2. d4 Nf6 3. Nc3 Nbd7 4. Nf3 e5 5. Bc4 Be7 6. Be3 O-O 7. O-O c6 8. a4
h6 9. b4 a6 10. d5 Nb6 11. Bb3 a5 12. bxa5 Rxa5 13. Qd2 c5 14. Nb5 Na8 15. Qd3
Nc7 16. Bd2 Ra8 17. c4 Bg4 18. a5 Nh7 19. h3 Bd7 20. Bc3 f5 21. Nxc7 Qxc7 22.
Rfd1 fxe4 23. Qxe4 Bf5 24. Qe2 Ng5 25. Nxg5 Bxg5 26. Ba4 Ra7 27. Qb2 Rb8 28.
Bb5 Bd8 29. Qa2 Rba8 30. Qd2 Bg5 31. Qb2 b6 32. Bc6 Rb8 33. a6 Bc8 34. Qb5 Bd7
35. Bxd7 Qxd7 36. Ra4 Qc8 37. Rb1 Bd8 38. Ra2 Rba8 39. Rba1 Bc7 40. Qc6 Qe8 41.
Qb5 Kf8 42. Re1 Qc8 43. Qc6 Qe8 44. Qxe8+ Kxe8 45. Rea1 Rb8 46. f4 Kd7 47. Rd1
Re8 48. fxe5 dxe5 49. d6 Bd8 50. Kf2 Bf6 51. Ke3 Rea8 52. Ke4 Rxa6 53. Rxa6
Rxa6 54. Bxe5 Ra4 55. Rf1 Bxe5 56. Kxe5 Rxc4 57. Rf7+ Kc6 58. Rc7+ Kb5 59. d7
Rd4 60. Ke6 Re4+ 61. Kd6 Rd4+ 62. Ke7 Re4+ 63. Kd8 c4 64. Kc8 Rd4 65. d8=Q
Rxd8+ 66. Kxd8 Kb4 67. Kd7 c3 68. Ke6 b5 69. Kd5 Kb3 70. Kd4 b4 71. Kd3 Kb2 72.
Rc4 Ka3 73. Kc2 Ka4 74. Rc5 g6 75. g4 h5 76. gxh5 gxh5 77. Rxh5 b3+ 78. Kxc3 b2
79. Kxb2 Kb4 80. Rg5 Kc4 81. h4 Kb4 82. h5 Kc4 83. h6 Kb4 84. h7 1-0

[Event "European Youth Chess Championship B10"]
[Site "Prague, Top Hotel Prague"]
[Date "2016.08.22"]
[Round "5.17"]
[White "Maneluk, Daniil"]
[Black "Zachary, Bastian"]
[Result "1-0"]
[WhiteElo "1991"]
[BlackElo "1621"]
[PlyCount "85"]
[EventDate "2016.08.18"]

1. e4 e5 2. Nf3 Nc6 3. Bb5 a6 4. Ba4 Nf6 5. O-O b5 6. Bb3 Bc5 7. Re1 O-O 8. c3
d6 9. d4 Bb6 10. h3 h6 11. Be3 Re8 12. Nbd2 Bb7 13. d5 Ne7 14. Bxb6 cxb6 15.
Qe2 Ng6 16. g3 Bc8 17. h4 Bg4 18. Qe3 Rb8 19. Nh2 Bd7 20. Bd1 Qc8 21. Be2 Ng4
22. Nxg4 Bxg4 23. h5 Bxe2 24. Qxe2 Nf8 25. a4 bxa4 26. Rxa4 a5 27. Rc4 Qd7 28.
Rc6 Rec8 29. Qb5 Rxc6 30. dxc6 Qc7 31. b4 axb4 32. cxb4 Rc8 33. Rc1 Ne6 34. Qc4
Nd4 35. b5 Ra8 36. Nb3 Ne6 37. Rd1 Kf8 38. Qb4 Ke7 39. Nd2 f6 40. Nc4 Nd4 41.
Ne3 Qd8 42. c7 Qc8 43. Nd5+ 1-0

[Event "European Youth Chess Championship B10"]
[Site "Prague, Top Hotel Prague"]
[Date "2016.08.22"]
[Round "5.18"]
[White "Kolchin, Maxim"]
[Black "Paduano, Claudio"]
[Result "1/2-1/2"]
[WhiteElo "1590"]
[BlackElo "1860"]
[PlyCount "83"]
[EventDate "2016.08.18"]

1. e4 c5 2. Nf3 Nc6 3. d4 cxd4 4. Nxd4 Nf6 5. Nc3 e5 6. Ndb5 d6 7. Bg5 a6 8.
Na3 b5 9. Bxf6 Qxf6 10. Nd5 Qd8 11. c4 b4 12. Qa4 Bd7 13. Nb5 axb5 14. Qxa8
Qxa8 15. Nc7+ Kd8 16. Nxa8 Nd4 17. Rc1 Bc6 18. Nb6 bxc4 19. Bxc4 Bxe4 20. f3
Bg6 21. Nd5 Be7 22. Nxb4 Kd7 23. Kf2 Rb8 24. a3 d5 25. Bxd5 Bxb4 26. axb4 Rxb4
27. b3 Nxb3 28. Rb1 Bxb1 29. Rxb1 Nc5 30. Rxb4 Nd3+ 31. Ke3 Nxb4 32. Bxf7 Ke7
33. Bb3 Kf6 34. Ke4 Nc6 35. Ba4 Nd8 36. Kd5 Ne6 37. g3 Ng5 38. Bd1 Ne6 39. h3
g5 40. Kd6 h5 41. Kd7 h4 42. gxh4 1/2-1/2

[Event "European Youth Chess Championship B10"]
[Site "Prague, Top Hotel Prague"]
[Date "2016.08.22"]
[Round "5.19"]
[White "Hlavina, Matous"]
[Black "Pasztor, Balazs"]
[Result "1/2-1/2"]
[WhiteElo "1586"]
[BlackElo "1825"]
[PlyCount "79"]
[EventDate "2016.08.18"]

1. e4 e5 2. Nc3 Nf6 3. f4 d5 4. fxe5 Nxe4 5. Nf3 Be7 6. Qe2 Nxc3 7. dxc3 c5 8.
Bf4 Nc6 9. O-O-O h6 10. h4 Be6 11. g3 Qa5 12. a3 Rb8 13. Qb5 Qc7 14. Bh3 a6 15.
Qe2 b5 16. Bxe6 fxe6 17. Qd3 Na5 18. b3 Kd7 19. Qe3 Nc6 20. Rxd5+ Kc8 21. Rdd1
Kb7 22. Kb2 Rbd8 23. Rhf1 Rd7 24. Rxd7 Qxd7 25. Rf2 Qc7 26. Rd2 Rd8 27. Rxd8
Qxd8 28. Qd3 Qe8 29. Qe4 Kc7 30. c4 b4 31. axb4 Nxb4 32. c3 Nc6 33. Be3 a5 34.
Ka3 Qd8 35. Qc2 Qf8 36. Qe4 Qd8 37. Bd2 Qe8 38. Qg4 Qf7 39. Qe4 Qe8 40. Qg4
1/2-1/2

[Event "European Youth Chess Championship B10"]
[Site "Prague, Top Hotel Prague"]
[Date "2016.08.22"]
[Round "5.20"]
[White "Anghel, Iulian-Mihai"]
[Black "Brass, Ezra"]
[Result "1/2-1/2"]
[WhiteElo "1777"]
[BlackElo "1529"]
[PlyCount "116"]
[EventDate "2016.08.18"]

1. d4 Nf6 2. Nf3 e6 3. c4 b6 4. Nc3 Bb7 5. Bg5 Bb4 6. e3 h6 7. Bh4 O-O 8. Qc2
d6 9. a3 Bxc3+ 10. Qxc3 Nbd7 11. Be2 c5 12. O-O-O Ne4 13. Qc2 Qc7 14. Rhg1 b5
15. cxb5 Rfc8 16. Kb1 c4 17. Nd2 c3 18. Nxe4 Bxe4 19. Bd3 Bxd3 20. Rxd3 cxb2
21. Qxc7 Rxc7 22. Kxb2 Rb7 23. a4 a6 24. Rb3 Rab8 25. Bg3 axb5 26. a5 Ra8 27.
Ra1 d5 28. a6 Rba7 29. Rba3 Nb6 30. Kb3 Na4 31. Kb4 Rxa6 32. Bc7 R6a7 33. Be5
Rb7 34. Rc1 Kh7 35. Rc6 Kg6 36. g4 f6 37. Bg3 Re8 38. f4 f5 39. h3 Ree7 40. Ra1
Re8 41. Rac1 Nb2 42. R1c3 Na4 43. Rc2 Ree7 44. Rd6 Kf6 45. Rcc6 g6 46. Rxd5 Nb2
47. gxf5 gxf5 48. Bh4+ Kf7 49. Bxe7 exd5 50. Bh4 Kg7 51. Rc5 Nd3+ 52. Kc3 Nxc5
53. dxc5 Kf7 54. Kb4 Ke6 55. c6 Rc7 56. Kc5 Rc8 57. Be1 h5 58. Kxb5 d4 1/2-1/2

[Event "European Youth Chess Championship B10"]
[Site "Prague, Top Hotel Prague"]
[Date "2016.08.22"]
[Round "5.21"]
[White "Levin, Guy"]
[Black "Gherghinoiu, Lucas"]
[Result "1-0"]
[WhiteElo "1774"]
[BlackElo "1573"]
[PlyCount "65"]
[EventDate "2016.08.18"]

1. e4 c5 2. Nc3 a6 3. g3 b5 4. Bg2 Bb7 5. d3 e6 6. Be3 d5 7. exd5 exd5 8. Qe2
c4 9. Bb6+ Qe7 10. Nxd5 Qxe2+ 11. Nxe2 Kd7 12. Nf6+ Nxf6 13. Bxb7 cxd3 14. cxd3
Nc6 15. Bxa8 Bb4+ 16. Kf1 Rxa8 17. h3 Bd6 18. Rc1 Re8 19. Bc5 Bc7 20. d4 h6 21.
Rd1 Na5 22. Nc3 Nc4 23. b3 Na5 24. Rb1 Nc6 25. Kg2 Kc8 26. Rhe1 Rd8 27. Ne4 Nd5
28. Red1 Kb7 29. b4 Re8 30. Nc3 Nb6 31. Re1 Rd8 32. Rbd1 Kb8 33. d5 1-0